| 000 | 00727cam a2200145 4500 | ||
|---|---|---|---|
| 001 | WS108047 | ||
| 008 | 000000n 000 0 eng u | ||
| 035 | _a(Sirsi) u108047 | ||
| 245 |
_aPlanning Resource _bThe Independent information hub for planning professionals |
||
| 520 | _aWeb site for the weekly news magazine 'for everyone concerned with planning and its impact on the natural built environment'. Includes a good news service, searchable appointments pages and links to documents mentioned in articles. | ||
| 650 | 0 | _aJOB ADVERTISEMENTS | |
| 690 |
_aPlanning and development _96259 |
||
| 856 | 4 | 0 |
_uhttps://www.planningresource.co.uk/ _zView the website free of charge at http://www.planningresource.co.uk/... |
| 942 | _n0 | ||
| 999 |
_c119597 _d119597 |
||